| 000 | 00505nam a2200169Ia 4500 | ||
|---|---|---|---|
| 999 |
_c21210 _d21210 |
||
| 003 | OSt | ||
| 005 | 20200605114750.0 | ||
| 008 | 190216s9999||||xx |||||||||||||| ||und|| | ||
| 020 | _a9788175363861 | ||
| 040 | _coclc | ||
| 082 |
_a320.01 _bBAN/K |
||
| 100 |
_aBhandyopadhyaya, Naayan Chandra _92520 |
||
| 245 | 0 |
_aKautilya / _cNaayan Chandra Bhandyopadhyaya |
|
| 260 |
_bLow Price Publications, _a Delhi: _c2005. |
||
| 300 | _a318p | ||
| 942 |
_cBK _2ddc _h320.01 _iBAN/K _k320.01 _mBAN/K |
||